000
00281nam a22001217a 4500
040
_c
DLC
082
_a
891.4393
_b
QAS
100
_a
Qasmi, Ahmad Nadeem
_9
3596
245
_a
Majmoa Ahmad Nadeem Qasmi
260
_a
Lahore
_b
Sang-e-Meel
_c
2008
300
_a
807p. :
942
_2
ddc
_c
BK
999
_c
586191
_d
586191